Normal view
MARC view
- Refugiados
Entry Materia
001 - NÚMERO DE CONTROL DEL REGISTRO
- campo de control: 8319
003 - IDENTIFICADOR DE NUMERO DE CONTROL
- campo de control: MX-MxUPN
005 - FECHA Y HORA DE LA ÚLTIMA TRANSACCIÓN
- campo de control: 20250902105814.0
008 - DATOS DE LONGITUD FIJA
- campo de control de longitud fija: 250902nabacnnnaabn b |nc |d
035 ## - NÚMERO DE CONTROL DEL SISTEMA
- Número de control del sistema: UPN10000008325
040 ## - FUENTE DE LA CATALOGACIÓN
- Lengua de catalogación: SPA
- Agencia de transcripción: MX-MxUPN
150 ## - ENCABEZAMIENTO - TEMÁTICO
- Término de materia o nombre geográfico como elemento inicial: Refugiados
- Subdivisión geográfica: Guatemala
670 ## - FUENTE EN LA QUE SE LOCALIZARON DATOS
- Cita de la fuente: LC
- Información localizada: Refugees - Guatemala
902 ## - CATALOGADOR
- Catalogador: MMA/281107
- Catalogador: Berenice Martínez/020925
